| 000 | 00340nam a22001337a 4500 | ||
|---|---|---|---|
| 008 | 250703b |||||||| |||| 00| 0 eng d | ||
| 020 | _a0813815762 | ||
| 050 |
_aHD1761 _b.H55 |
||
| 100 | _aHILL Lowell | ||
| 245 | _aRole of Government in a Market Economy | ||
| 260 |
_aUnited States _bIowa Ames _c1982 |
||
| 300 | _avii, 102p. | ||
| 942 | _cBK | ||
| 999 |
_c4106 _d4106 |
||